Introduction ot tropical grassland husbandry (Record no. 21856)

MARC details
000 -LEADER
fixed length control field 00295nam a2200109Ia 4500
082 ## - DEWEY DECIMAL CLASSIFICATION NUMBER
Classification number 633.2.03
Item number MCI
100 ## - MAIN ENTRY--AUTHOR NAME
Personal name Mcilroy, R J
245 #0 - TITLE STATEMENT
Title Introduction ot tropical grassland husbandry
260 ## - PUBLICATION, DISTRIBUTION, ETC. (IMPRINT)
Place of publication London
Name of publisher Oxford Univ Press
Year of publication 1964
942 ## - ADDED ENTRY ELEMENTS (KOHA)
Koha item type Books
Holdings
Withdrawn status Lost status Damaged status Not for loan Home library Current library Date acquired Full call number Accession Number Koha item type
        RRII Library RRII Library 16/12/2021 633.2.03 MCI 02573 Books